Regionálna analýza (Západoslovenský región) - stratégia rozvoja v oblasti hospodárstva a odborného vzdelávania a prípravy v regióne
Salvato in:
| Autore principale: | |
|---|---|
| Altri autori: | , |
| Natura: | Capitolo di libro |
| Lingua: | slovacco |
| Tags: |
Nessun Tag, puoi essere il primo ad aggiungerne!!
|
MARC
| LEADER | 00000naa$a2200000$$$4500 | ||
|---|---|---|---|
| 001 | 0121883 | ||
| 005 | 20240502072400.1 | ||
| 041 | 0 | |a slo | |
| 044 | |a SK | ||
| 245 | 1 | 0 | |a Regionálna analýza (Západoslovenský región) - stratégia rozvoja v oblasti hospodárstva a odborného vzdelávania a prípravy v regióne |c Drahomíra Vernayová, Mária Pachingerová, Alena Konečná |
| 100 | 1 | |a Vernayová, Drahomíra | |
| 700 | 1 | |a Pachingerová, Mária | |
| 700 | 1 | |a Konečná, Alena | |